000 00483nam a2200181Ia 4500
001 9146
005 20260306160702.0
008 260306t2010||||xx |||||||||||||| ||spa||
041 _aESP
082 _a373
_bC95
100 _aCueto, Santiago
_eAUT
245 0 _aDe quinto de primaria al fin de la secundaria en seis años:
_b: Un estudio longitudinal en Puno
260 _c2010
300 _a129 páginas :
_c30 cm.
650 _aGEN
654 _aCED
942 _cLIB
_dJUS
_fJUS
_2ddc
_n
999 _c9146
_d9146